Alimentos y cambio climático: el eslabón olvidado/

Uloženo v:
Podrobná bibliografie
Médium: Kniha
Jazyk:Spanish
Tagy: Přidat tag
Žádné tagy, Buďte první, kdo vytvoří štítek k tomuto záznamu!

MARC

LEADER 00000nam a22000007a 4500
003 cru CIDCACS/IIS
005 20180228133155.0
007 ta
008 180228s2011 uy |||p|r||||||0| ||spa|d
999 |c 41067  |d 41067 
040 |c cru CIDCACS/IIS 
245 1 |a Alimentos y cambio climático:  |b el eslabón olvidado/  |c GRAIN 
300 |a páginas 11-16:  |b gráfico, fotos 
773 0 |0 41050  |9 1830  |a Red de Ecología Social (Uruguay)  |d Uruguay: REDES-AT; GRAIN  |o 17969  |t Biodiversidad:  |x 07977888X 
942 |2 ddc  |c PP